[Event "25th Czech Rapid G1 2014"]
[Site "Pardubice CZE"]
[Date "2014.07.17"]
[Round "6.51"]
[White "Belousov, Gennadiy"]
[Black "Pischikov, Vadim"]
[Result "1/2-1/2"]
[WhiteElo "2222"]
[BlackElo "2130"]
[WhiteFideId "24183342"]
[BlackFideId "4100280"]
[EventDate "2014.07.16"]

1. d4 d5 2. c4 e6 3. Nf3 Nf6 4. Nc3 Be7 5. Bf4 O-O 6. e3 a6 7. Rc1 dxc4 8. Bxc4
b5 9. Be2 Bb7 10. O-O Nbd7 11. Ne5 c5 12. Bf3 Bxf3 13. Qxf3 cxd4 14. Nc6 Qe8 15.
exd4 Rc8 16. Rfe1 b4 17. Na4 Kh8 18. b3 Nd5 19. Nxe7 Rxc1 20. Bxc1 Nxe7 21. Qb7
Nd5 22. Qxa6 N7f6 23. a3 Qb8 24. Nc5 bxa3 25. Bxa3 Nf4 26. Bc1 N4d5 27. Bd2 Ng4
28. g3 Ngf6 29. Qb7 Qxb7 30. Nxb7 Rb8 31. Nc5 Kg8 32. Ra1 Ne8 33. Ra7 Nd6 34.
Nd7 Rd8 35. Ne5 Rc8 36. Rd7 Ne4 37. Be3 f6 38. Nc4 Rb8 39. Na5 Rb5 40. Ra7 h5
41. Kf1 Nxe3+ 42. fxe3 Nd2+ 43. Ke2 Nxb3 44. Nc4 Rb4 45. Kd3 Nc1+ 46. Kc3 Rb8
47. Ra1 Ne2+ 48. Kd3 Rb4 49. Re1 Nxg3 50. hxg3 g5 51. Rh1 Rb3+ 52. Ke2 Rb4 53.
Nd2 Kg7 54. Rxh5 Ra4 55. Rh1 f5 56. Rb1 f4 57. gxf4 gxf4 58. exf4 Rxd4 59. Ke3
Ra4 60. Rb3 Ra1 61. Nf3 Kf6 62. Rc3 Ra4 63. Rd3 Kf5 64. Rb3 Re4+ 65. Kf2 Kxf4
66. Rb8 Ra4 67. Rf8+ Ke4 68. Ng5+ Kd5 69. Rd8+ Ke5 70. Re8 Ra2+ 71. Kf3 Ra3+ 72.
Kg4 Ra4+ 73. Kh5 Kf5 74. Nxe6 Kf6 75. Ng5 Ra5 76. Rf8+ Ke7 77. Rf4 Kd6 78. Kg6
Ra1 79. Rd4+ Ke5 80. Nf3+ Ke6 81. Re4+ Kd5 82. Kf5 Ra3 83. Re5+ Kd6 84. Ng5 Ra1
85. Ne4+ Kc6 86. Rc5+ Kb6 87. Rc2 Ra5+ 88. Ke6 Rh5 89. Nf6 Rh1 90. Nd5+ Kb5 91.
Nf4 Rh4 92. Ke5 Rh1 93. Nd3 Rh5+ 94. Kd4 Rh4+ 95. Kd5 Kb6 96. Rb2+ Kc7 97. Ne5
Rh1 98. Rg2 Rd1+ 99. Kc5 Rc1+ 100. Nc4 Kd7 101. Rg6 Ke7 102. Ra6 Rd1 103. Ne3
Rc1+ 104. Kd5 Rb1 105. Nf5+ Kf7 106. Nd4 Rd1 107. Rd6 Ke7 108. Ra6 Kf7 109. Rb6
Ke7 110. Rb2 Kf7 111. Rf2+ Kg6 112. Re2 Kf7 113. Ke5 Rf1 114. Nf5 Ra1 115. Ne3
Rh1 116. Ra2 Re1 117. Ra3 Kg6 118. Kf4 Rb1 119. Ra6+ Kf7 120. Nd5 Rf1+ 121. Ke5
Re1+ 122. Kf5 Rf1+ 123. Nf4 Ke7 124. Rh6 Kd7 125. Ke5 Re1+ 126. Kd4 Rd1+ 127.
Nd3 Ke8 1/2-1/2

[Event "25th Czech Rapid G1 2014"]
[Site "Pardubice CZE"]
[Date "2014.07.17"]
[Round "6.52"]
[White "Foermes, Alexander"]
[Black "Kutynec, Vladimir"]
[Result "1/2-1/2"]
[BlackTitle "IM"]
[WhiteElo "2035"]
[BlackElo "2305"]
[WhiteFideId "24605255"]
[BlackFideId "4119843"]
[EventDate "2014.07.16"]

1. Nf3 c5 2. b3 Nf6 3. Bb2 g6 4. Bxf6 exf6 5. c4 f5 6. Nc3 Bg7 7. Rc1 b6 8. g3
Bb7 9. Bg2 O-O 10. O-O Nc6 11. e3 Rc8 12. d4 cxd4 13. Nxd4 f4 14. Nxc6 Bxc6 15.
exf4 Bxg2 16. Kxg2 Bxc3 17. Rxc3 b5 18. Qd4 Qa5 19. Rfc1 bxc4 20. Rxc4 Rxc4 21.
Rxc4 Qxa2 22. Ra4 Qxb3 23. Rxa7 Rd8 24. Rxd7 Qb7+ 25. Rxb7 Rxd4 26. h4 h5 27. f5
gxf5 28. Rb5 f4 29. Rxh5 fxg3 30. fxg3 Kg7 31. Rg5+ Kh6 32. Kh3 f6 33. Rf5 Kg6
34. Ra5 Rb4 35. Ra3 Rc4 36. g4 Rb4 37. h5+ Kh6 38. Rf3 Kg7 39. Rc3 Kh6 40. Rf3
Kg7 41. Rc3 Kh6 42. Rc6 Kg5 43. Rc5+ Kh6 44. Rf5 Kg7 45. h6+ Kxh6 46. Rxf6+ Kg7
47. Ra6 Rb8 48. Kh4 Kg8 1/2-1/2

[Event "25th Czech Rapid G1 2014"]
[Site "Pardubice CZE"]
[Date "2014.07.17"]
[Round "6.53"]
[White "Blecha, Miroslav"]
[Black "Horacek, Michal"]
[Result "1-0"]
[WhiteElo "2225"]
[BlackElo "2094"]
[WhiteFideId "311758"]
[BlackFideId "332526"]
[EventDate "2014.07.16"]

1. e4 d6 2. d4 Nf6 3. Nc3 e5 4. Nf3 Nbd7 5. Bc4 Be7 6. O-O O-O 7. h3 c6 8. a4 h6
9. Be3 Qc7 10. Qd2 exd4 11. Nxd4 Nc5 12. f3 Be6 13. Bxe6 Nxe6 14. Nf5 Rad8 15.
a5 d5 16. e5 Nh5 17. Bxa7 Bg5 18. Qe1 Rde8 19. Nd6 Re7 20. g4 Nhf4 21. h4 Bxh4
22. Qxh4 Ng5 23. Bb6 Qb8 24. Bd4 c5 25. Bxc5 Rxe5 26. Nf5 Rfe8 27. Qg3 Rxf5 28.
gxf5 Re2 29. Bf2 Qe5 30. Kh1 Rxc2 31. Rae1 Qxf5 32. Be3 Rg2 33. Qh4 Nge6 34. Rg1
Rxb2 35. Qxh6 g6 36. Bxf4 Qxf4 37. Qxf4 Nxf4 38. Rb1 Rc2 39. Rgc1 Rf2 40. Rxb7
d4 41. a6 dxc3 42. a7 Ne2 43. a8=Q+ Kg7 44. Rxf7+ Kxf7 45. Qa7+ Kf6 46. Qxf2
Nxc1 47. Qc2 1-0

[Event "25th Czech Rapid G1 2014"]
[Site "Pardubice CZE"]
[Date "2014.07.17"]
[Round "6.54"]
[White "Vachtfeidl, Petr"]
[Black "Gergel, Vladimir P"]
[Result "0-1"]
[BlackTitle "FM"]
[WhiteElo "1996"]
[BlackElo "2227"]
[WhiteFideId "315028"]
[BlackFideId "14100550"]
[EventDate "2014.07.16"]

1. e4 c5 2. Nf3 e6 3. Nc3 a6 4. d4 cxd4 5. Nxd4 b5 6. Bd3 Qb6 7. Nf3 Qc7 8. O-O
Bb7 9. Re1 Bc5 10. a4 b4 11. Na2 Nc6 12. c3 a5 13. Be3 Bxe3 14. Rxe3 Nge7 15.
Rc1 Qb6 16. cxb4 axb4 17. Bb5 O-O 18. Qd6 Nc8 19. Qd2 N8a7 20. Bf1 Rab8 21. Rd3
Na5 22. e5 Bd5 23. Rxd5 exd5 24. Qxd5 N7c6 25. Bb5 Rbd8 26. Ng5 h6 27. Ne4 Rfe8
28. Nd6 Rxe5 29. Qxf7+ Kh8 30. Bf1 Nd4 31. Nc8 Qf6 32. Qxf6 gxf6 33. Nxb4 Nab3
34. Rd1 Rxc8 35. Bb5 Nxb5 36. axb5 Rxb5 0-1

[Event "25th Czech Rapid G1 2014"]
[Site "Pardubice CZE"]
[Date "2014.07.17"]
[Round "6.55"]
[White "Jeitz, Christian"]
[Black "Chernyshova, Natalia"]
[Result "1-0"]
[WhiteElo "2189"]
[BlackElo "2129"]
[WhiteFideId "4000803"]
[BlackFideId "24143219"]
[EventDate "2014.07.16"]

1. e4 c6 2. d4 d5 3. Nc3 g6 4. Nf3 Bg4 5. Be2 Bg7 6. Be3 Nf6 7. e5 Nfd7 8. O-O
e6 9. Qd2 O-O 10. Bh6 Bxf3 11. Bxf3 c5 12. Bxg7 Kxg7 13. dxc5 Nxe5 14. Be2 Nec6
15. a3 d4 16. Ne4 Qd5 17. Qf4 Nd7 18. b4 e5 19. Qh4 f5 20. Nd2 Nf6 21. Bc4 Qd7
22. Nb3 a6 23. Rad1 Ne4 24. Rfe1 Nc3 25. Rd2 Rae8 26. Qh3 Qc7 27. f3 Nd8 28. f4
b5 29. Bf1 Ne4 30. Rdd1 exf4 31. Nxd4 Ne6 32. Nxe6+ Rxe6 33. c4 Rfe8 34. cxb5
Nxc5 35. Qc3+ Kh6 36. bxc5 Rxe1 37. Rxe1 Rxe1 38. Qxe1 Qxc5+ 39. Qf2 Qxa3 40.
Qxf4+ Kg7 41. bxa6 Qc5+ 42. Qf2 Qa5 43. a7 h5 44. h4 Kf6 45. Be2 g5 46. hxg5+
Kxg5 47. Bf3 Qa1+ 48. Kh2 Qe5+ 49. Qg3+ 1-0

[Event "25th Czech Rapid G1 2014"]
[Site "Pardubice CZE"]
[Date "2014.07.17"]
[Round "6.56"]
[White "Shevchenko, Kirill"]
[Black "Janocko, Petr"]
[Result "1/2-1/2"]
[WhiteTitle "CM"]
[WhiteElo "2100"]
[BlackElo "2039"]
[WhiteFideId "14129574"]
[BlackFideId "320099"]
[EventDate "2014.07.16"]

1. e4 c6 2. d4 d5 3. exd5 cxd5 4. c4 Nf6 5. Nc3 g6 6. cxd5 Nxd5 7. Bc4 Nb6 8.
Bb3 Bg7 9. Nf3 O-O 10. O-O Bg4 11. h3 Bxf3 12. Qxf3 Nc6 13. Be3 Nxd4 14. Bxd4
Qxd4 15. Qxb7 Qd7 16. Qxd7 Nxd7 17. Rac1 Rab8 18. Nd5 e6 19. Ne7+ Kh8 20. Rc7
Ne5 21. Rd1 a5 22. f4 a4 23. Bxa4 Rb4 24. fxe5 Rxa4 25. a3 Bxe5 26. Rb7 Rc4 27.
b4 Ra8 28. b5 Rxa3 29. Nc6 Bg3 30. Rxf7 Ra8 31. Rf3 Bc7 32. Rff1 Bb6+ 33. Kh1
Kg7 34. Rd7+ Kh6 35. Ne5 Rc2 36. Rd6 Bc7 37. Ng4+ Kg5 38. Rxe6 Raa2 39. b6 Bg3
40. Rg1 h5 41. Nh2 Kf5 42. Re8 Bxh2 43. Kxh2 Rab2 44. Rb8 Kg5 45. Kh1 h4 46. Rb7
Rc6 47. Re7 Rcxb6 48. g3 R6b3 49. gxh4+ Kf6 50. Rge1 Rxh3+ 51. Kg1 Rxh4 52.
R7e6+ Kg5 53. R6e5+ Kh6 54. Re8 Rg4+ 55. Kh1 Rb5 56. R8e5 Rb3 57. R5e3 Rh4+ 58.
Kg1 Rbb4 59. Rg3 Rbg4 60. Rxg4 Rxg4+ 61. Kf2 Rf4+ 62. Kg3 Rb4 63. Re5 g5 64. Re8 1/2-1/2

[Event "25th Czech Rapid G1 2014"]
[Site "Pardubice CZE"]
[Date "2014.07.17"]
[Round "6.57"]
[White "Shuvalova, Polina"]
[Black "Jezbera, Jiri"]
[Result "1-0"]
[WhiteTitle "WFM"]
[WhiteElo "2108"]
[BlackElo "2200"]
[WhiteFideId "24171760"]
[BlackFideId "329185"]
[EventDate "2014.07.16"]

1. e4 c5 2. Nf3 e6 3. Nc3 Nc6 4. Bb5 Nge7 5. O-O a6 6. Bxc6 Nxc6 7. d4 cxd4 8.
Nxd4 g6 9. Nxc6 bxc6 10. e5 Bg7 11. Qd6 Qe7 12. Qxe7+ Kxe7 13. f4 d5 14. Be3 f6
15. exf6+ Bxf6 16. Na4 Rb8 17. Rad1 Bd7 18. b3 Kf7 19. Nc5 Bc8 20. Rfe1 Re8 21.
Bd4 Rb5 22. Na4 Bxd4+ 23. Rxd4 c5 24. Rd2 Bd7 25. g3 Ra5 26. Nc3 Bc6 27. a4 d4
28. Ne4 Bxe4 29. Rxe4 Rd8 30. c4 1-0

[Event "25th Czech Rapid G1 2014"]
[Site "Pardubice CZE"]
[Date "2014.07.17"]
[Round "6.58"]
[White "Marutkins, Olegs"]
[Black "Lokander, Martin"]
[Result "0-1"]
[BlackTitle "FM"]
[WhiteElo "2081"]
[BlackElo "2309"]
[WhiteFideId "11600012"]
[BlackFideId "1709569"]
[EventDate "2014.07.16"]

1. e4 e6 2. d4 d5 3. e5 c5 4. c3 Nc6 5. Nf3 Nh6 6. Bxh6 gxh6 7. a3 Bg7 8. b4
cxd4 9. cxd4 f6 10. Nc3 fxe5 11. Nxe5 Nxe5 12. dxe5 O-O 13. Qd4 Qg5 14. Rd1 Bxe5
15. Qd2 Qxd2+ 16. Kxd2 Bxc3+ 17. Kxc3 Rxf2 18. Kd4 Kf7 19. Ke5 Ke7 20. Bd3 Bd7
21. g4 Ra2 22. h4 Rxa3 23. g5 Rc8 24. Rhg1 Rxd3 25. Rxd3 Be8 26. gxh6 Bg6 27.
Re3 Rf8 28. Rg5 d4 29. Kxd4 Rf4+ 30. Kc5 Rxh4 31. Rge5 Bf7 32. Ra3 b6+ 33. Kb5
Be8+ 34. Ka6 Rxb4 35. Kxa7 b5 36. Rg5 Kf6 37. Rg7 Bg6 38. Kb6 Rb1 39. Rg3 Rh1
40. Kxb5 Rxh6 41. Ra7 Rh4 42. Kc5 h5 43. Ra1 Rf4 44. Rag1 Bf5 45. Rg8 h4 46.
Rf8+ Ke5 47. Re1+ Re4 48. Rh1 h3 49. Rh8 Re2 50. Rh4 Rc2+ 51. Kb4 Kf6 52. Kb3
Rg2 53. Kc3 Rg3+ 54. Kd2 Kg5 55. Rh8 Kf4 56. Rh4+ Kf3 57. Re1 Rg2+ 58. Kd1 Ra2
59. Rf1+ Kg2 60. Rff4 h2 61. Ke1 h1=Q+ 62. Rxh1 Kxh1 63. Kf1 Kh2 0-1

[Event "25th Czech Rapid G1 2014"]
[Site "Pardubice CZE"]
[Date "2014.07.17"]
[Round "6.59"]
[White "Wagener, Claude"]
[Black "Kratochvil, Milan"]
[Result "0-1"]
[WhiteTitle "FM"]
[WhiteElo "2259"]
[BlackElo "2195"]
[WhiteFideId "4000471"]
[BlackFideId "331015"]
[EventDate "2014.07.16"]

1. e4 e5 2. Nf3 Nf6 3. Nxe5 d6 4. Nf3 Nxe4 5. Bd3 d5 6. O-O Nc5 7. Be2 Be7 8. d4
Ne4 9. c4 Nc6 10. Nc3 Nxc3 11. bxc3 O-O 12. h3 Bf5 13. Bf4 Bd6 14. Bg5 Be7 15.
cxd5 Qxd5 16. Bf4 Rac8 17. Re1 Bf6 18. Qb3 Qxb3 19. axb3 a6 20. Bc4 Ne7 21. g4
Ng6 22. Bg3 Bd7 23. g5 Be7 24. h4 Bd6 25. h5 b5 26. hxg6 bxc4 27. gxh7+ Kxh7 28.
bxc4 Ra8 29. Ra5 Bc6 30. Ne5 Bb7 31. Rb1 Be4 32. Rba1 Bb7 33. c5 Bxe5 34. Bxe5
f6 35. Bxc7 fxg5 36. Bg3 Kg6 37. c4 Bf3 38. Rxa6+ Rxa6 39. Rxa6+ Kf5 40. Ra3 g4
41. d5 Ke4 42. Ra1 Kd4 43. d6 Rh8 44. Bh2 Kxc5 45. Ra7 Rb8 46. Rc7+ Kd4 47. Bf4
Rb1+ 48. Kh2 Rh1+ 0-1

[Event "25th Czech Rapid G1 2014"]
[Site "Pardubice CZE"]
[Date "2014.07.17"]
[Round "6.60"]
[White "Hiller, Simon"]
[Black "Dorst, Johannes"]
[Result "1/2-1/2"]
[WhiteElo "1973"]
[BlackElo "2299"]
[WhiteFideId "24641308"]
[BlackFideId "4650433"]
[EventDate "2014.07.16"]

1. Nf3 c5 2. g3 Nc6 3. d4 cxd4 4. Nxd4 e5 5. Nxc6 bxc6 6. Bg2 Rb8 7. c4 g6 8.
O-O Bg7 9. Nc3 Ne7 10. b3 O-O 11. Ba3 Re8 12. Bd6 Ra8 13. e4 Bb7 14. Qd3 Nc8 15.
Ba3 d6 16. Rfd1 Bf8 17. Na4 Qa5 18. Bb2 Qc7 19. f4 Nb6 20. Nc3 Rad8 21. f5 Nd7
22. Qf3 Bg7 23. Rd2 Nf6 24. g4 d5 25. cxd5 cxd5 26. Rc1 dxe4 27. Nxe4 Qb6+ 28.
Bd4 Rxd4 29. Nxf6+ Bxf6 30. Qxb7 Rxd2+ 31. Qxb6 axb6 1/2-1/2

[Event "25th Czech Rapid G1 2014"]
[Site "Pardubice CZE"]
[Date "2014.07.17"]
[Round "6.61"]
[White "Mindl, Josef"]
[Black "Petrovskis, Olegs"]
[Result "0-1"]
[WhiteElo "2029"]
[BlackElo "2062"]
[WhiteFideId "310549"]
[BlackFideId "11603186"]
[EventDate "2014.07.16"]

1. e4 c5 2. Nf3 d6 3. d4 cxd4 4. Nxd4 Nf6 5. Nc3 a6 6. Bg5 e6 7. f4 Nbd7 8. Qf3
h6 9. Bh4 Qb6 10. O-O-O Be7 11. g4 g5 12. fxg5 Ne5 13. Qe2 Nfxg4 14. Kb1 hxg5
15. Bg3 Bd7 16. Bg2 Rc8 17. Nb3 a5 18. h3 Nf6 19. Bf2 Qc7 20. Be3 a4 21. Nd4 a3
22. Ncb5 Qc4 23. Nxa3 Qxe2 24. Nxe2 Rg8 25. Nd4 g4 26. h4 Nh5 27. Ndb5 Rc6 28.
Na7 Ra6 29. N7b5 Kd8 30. Bg5 Ng3 31. Rhe1 Bxg5 32. hxg5 Ke7 33. Re3 Nh5 34. Rc3
Rxg5 35. Rc7 Rb6 36. c4 Nf4 37. Bf1 g3 38. c5 dxc5 39. Rxc5 g2 40. Bxg2 Nxg2 41.
Rc7 Ne3 42. Re1 N3g4 43. Rd1 Nf6 44. Na7 Kd8 45. Rc8+ Ke7 46. Rc7 Rg8 47. Rdxd7+
Nexd7 48. Nc8+ Rxc8 49. Rxc8 Nxe4 50. Nc4 Rc6 0-1

[Event "25th Czech Rapid G1 2014"]
[Site "Pardubice CZE"]
[Date "2014.07.17"]
[Round "6.62"]
[White "Vykydal, Frantisek"]
[Black "Grove, Michael"]
[Result "0-1"]
[WhiteTitle "CM"]
[WhiteElo "2117"]
[BlackElo "2064"]
[WhiteFideId "301744"]
[BlackFideId "2403943"]
[EventDate "2014.07.16"]

1. e4 e5 2. Nf3 Nc6 3. Bb5 a6 4. Ba4 Nf6 5. Bxc6 dxc6 6. d3 Qd6 7. Nbd2 Be6 8.
b3 b5 9. a4 Nd7 10. axb5 cxb5 11. Bb2 Be7 12. O-O O-O 13. d4 exd4 14. Nxd4 c5
15. Nxe6 Qxe6 16. Nf3 Rfd8 17. Qe2 h6 18. Rfe1 Nb6 19. e5 Nd5 20. Qe4 Nb4 21.
Bc3 Rac8 22. Bxb4 cxb4 23. Nd4 Qd5 24. Qxd5 Rxd5 25. Nf5 Bf8 26. Rxa6 Rxc2 27.
Ne3 0-1

[Event "25th Czech Rapid G1 2014"]
[Site "Pardubice CZE"]
[Date "2014.07.17"]
[Round "6.63"]
[White "Jelinek, Vaclav"]
[Black "Solovyev, Anton"]
[Result "1/2-1/2"]
[WhiteElo "1973"]
[BlackElo "2021"]
[WhiteFideId "317454"]
[BlackFideId "24170330"]
[EventDate "2014.07.16"]

1. g3 f5 2. Bg2 Nf6 3. Nf3 g6 4. O-O Bg7 5. d3 O-O 6. c4 c6 7. Nc3 d5 8. cxd5
cxd5 9. Qb3 e6 10. Bf4 Nbd7 11. Rac1 Nc5 12. Qa3 b6 13. b4 Na6 14. Nb5 Ne8 15.
Ne5 g5 16. Nc6 Qd7 17. Bxg5 Bb7 18. Nbxa7 Nac7 19. Qb3 Nd6 20. Rc2 Ncb5 21. Bxd5
exd5 22. Qxd5+ Qf7 23. Nxb5 Qxd5 24. Ne7+ Kf7 25. Nxd5 Nxb5 26. Nxb6 Ra6 27. Nd7
Nd4 28. Rd2 Bd5 29. Nxf8 Bxf8 30. Be3 Bxb4 31. Rb2 Bc3 32. Bxd4 Bxd4 33. Rb5 Ke6
34. e3 Be5 35. d4 Bd6 36. Rb2 Rxa2 37. Rxa2 Bxa2 38. Ra1 Bd5 39. Ra7 h5 40. Rh7
Bf3 41. Kf1 Bb4 42. Rc7 Kd5 43. h4 Ke6 44. Rc8 Ke7 45. Rc4 Bd2 46. Rc2 Bb4 47.
Rc4 Bd2 48. Rc2 Bb4 1/2-1/2

[Event "25th Czech Rapid G1 2014"]
[Site "Pardubice CZE"]
[Date "2014.07.17"]
[Round "6.64"]
[White "Joukl, Zdenek"]
[Black "Zverina, Jan"]
[Result "1-0"]
[WhiteElo "2062"]
[BlackElo "1872"]
[WhiteFideId "304247"]
[BlackFideId "328812"]
[EventDate "2014.07.16"]

1. d4 Nf6 2. Nf3 b6 3. Bf4 e6 4. e3 Bb7 5. Nbd2 Be7 6. h3 O-O 7. Bd3 h6 8. O-O
Nd5 9. Bh2 Nb4 10. Be2 d5 11. c3 N4c6 12. Bd3 Nd7 13. b4 a6 14. a4 Bd6 15. Bxd6
cxd6 16. Qb3 Qe7 17. Rfe1 Rab8 18. Rab1 Nf6 19. c4 Rfc8 20. e4 dxe4 21. Nxe4 Nd8
22. Ned2 d5 23. c5 bxc5 24. bxc5 Nc6 25. Qc3 a5 26. Ne5 Nb4 27. Bb5 Bc6 28. Bxc6
Rxc6 29. Nxc6 Nxc6 30. Rxb8+ Nxb8 31. Qxa5 Kh7 32. Qb6 Nfd7 33. Qb7 Qg5 34. Nf3
Qf4 35. c6 e5 36. Qb3 1-0

[Event "25th Czech Rapid G1 2014"]
[Site "Pardubice CZE"]
[Date "2014.07.17"]
[Round "6.65"]
[White "Skaloud, Dusan"]
[Black "Duda, Antonin"]
[Result "0-1"]
[WhiteElo "1950"]
[BlackElo "2055"]
[WhiteFideId "339610"]
[BlackFideId "326720"]
[EventDate "2014.07.16"]

1. g3 d5 2. Bg2 e5 3. d3 c6 4. Nf3 Bd6 5. e4 Nf6 6. exd5 cxd5 7. Nc3 h6 8. O-O
Nc6 9. Nb5 Bb8 10. c4 O-O 11. b3 e4 12. Nfd4 Ne5 13. Ba3 Re8 14. dxe4 dxe4 15.
c5 Bg4 16. Qc2 Nf3+ 0-1

[Event "25th Czech Rapid G1 2014"]
[Site "Pardubice CZE"]
[Date "2014.07.17"]
[Round "6.66"]
[White "Kopriva, Martin"]
[Black "Smolej, Lukas"]
[Result "1-0"]
[WhiteElo "1871"]
[BlackElo "2003"]
[WhiteFideId "357740"]
[BlackFideId "363782"]
[EventDate "2014.07.16"]

1. e4 Nc6 2. d4 d5 3. e5 f6 4. f4 Nh6 5. Nf3 Bf5 6. c3 e6 7. Be2 Qd7 8. O-O
O-O-O 9. b4 Be7 10. a4 Nf7 11. a5 Nb8 12. b5 fxe5 13. fxe5 g5 14. b6 a6 15. bxc7
Qxc7 16. Na3 g4 17. Ne1 h5 18. c4 g3 19. h3 Rdg8 20. cxd5 exd5 21. Rxf5 Nh6 22.
Bxh6 Rxh6 23. Rxh5 Rc6 24. e6 Rc3 25. Nac2 Rf8 26. Bf3 Nc6 27. Rxd5 Qf4 28. Nd3
Qh6 29. Rh5 Qg7 30. Qd2 Rxc2 31. Qxc2 Qxd4+ 32. Kf1 Qxa1+ 33. Ke2 Kb8 34. Bxc6
Qf1+ 35. Kd2 Rd8 36. Bxb7 Bb4+ 37. Ke3 Qg1+ 38. Ke2 Kxb7 39. Rh7+ Ka8 40. Qc6+ 1-0

[Event "25th Czech Rapid G1 2014"]
[Site "Pardubice CZE"]
[Date "2014.07.17"]
[Round "6.67"]
[White "Horinek, Karel"]
[Black "Gadzhiev, Farid"]
[Result "0-1"]
[WhiteElo "1980"]
[BlackElo "1889"]
[WhiteFideId "323276"]
[BlackFideId "24194450"]
[EventDate "2014.07.16"]

1. e4 c5 2. Nc3 e6 3. g3 Nc6 4. Bg2 g6 5. f4 Bg7 6. d3 Nge7 7. Nf3 O-O 8. Ne2 d5
9. O-O b6 10. c3 Bb7 11. exd5 Nxd5 12. Qc2 Rc8 13. a3 Qd7 14. Bd2 Rfd8 15. Rad1
h5 16. Bc1 Ba6 17. Ng5 Nce7 18. c4 Nf6 19. Nc3 Nf5 20. Ne2 Ng4 21. b4 Nge3 22.
Qb3 Nxf1 23. Kxf1 Bb7 24. Ne4 Ba8 25. h3 Nd4 26. Nxd4 Qxd4 27. Nf2 Bxg2+ 28.
Kxg2 Rd7 29. b5 Rcd8 30. Ne4 e5 31. Qc2 f5 32. Ng5 e4 33. Ne6 exd3 0-1

[Event "25th Czech Rapid G1 2014"]
[Site "Pardubice CZE"]
[Date "2014.07.17"]
[Round "6.68"]
[White "Janacek, Jaroslav"]
[Black "Holy, Filip"]
[Result "1-0"]
[WhiteElo "2001"]
[BlackElo "1733"]
[WhiteFideId "306681"]
[BlackFideId "358762"]
[EventDate "2014.07.16"]

1. e4 c5 2. c3 e6 3. d4 d5 4. exd5 exd5 5. Nf3 Bd6 6. Bb5+ Nc6 7. dxc5 Bxc5 8.
O-O Ne7 9. Nbd2 O-O 10. Nb3 Bb6 11. Bf4 Bg4 12. h3 Bh5 13. Re1 a6 14. Bd3 Kh8
15. g4 Bg6 16. Ne5 Nxe5 17. Bxe5 Nc6 18. Bg3 d4 19. c4 Qd7 20. a3 Rae8 21. Qf3
Rxe1+ 22. Rxe1 Re8 23. Rd1 Qe7 24. Kg2 Bxd3 25. Rxd3 h6 26. Nd2 Kg8 27. b4 Qe2
28. Qxe2 Rxe2 29. Nb3 Ra2 30. c5 Bd8 31. Nxd4 Nxd4 32. Rxd4 Bf6 33. Rd3 Kf8 34.
Re3 Bb2 35. Bd6+ Kg8 36. Re8+ Kh7 37. Re7 Bxa3 38. Rxb7 Rc2 39. Be5 Kg6 40. Bd4
f6 41. h4 h5 42. g5 Rc4 43. Be3 Bxb4 44. c6 Bd6 45. gxf6 gxf6 46. Rb6 a5 47. Ra6
a4 48. Kf3 a3 49. Ke2 a2 50. Rxa2 Rxc6 51. Kd3 Be5 52. Ra4 Rd6+ 53. Ke4 Rd1 54.
f4 Bc3 55. Ra7 Re1 56. f5# 1-0

[Event "25th Czech Rapid G1 2014"]
[Site "Pardubice CZE"]
[Date "2014.07.17"]
[Round "6.69"]
[White "Kotyk, Vaclav"]
[Black "Stary, Lukas"]
[Result "1-0"]
[WhiteElo "1848"]
[BlackElo "1929"]
[WhiteFideId "384232"]
[BlackFideId "322806"]
[EventDate "2014.07.16"]

1. e4 d6 2. d4 Nf6 3. Nc3 g6 4. Bg5 Bg7 5. Qd2 Nbd7 6. Bh6 O-O 7. O-O-O c6 8. h4
e5 9. Bxg7 Kxg7 10. h5 Nxh5 11. Be2 exd4 12. Qxd4+ Qf6 13. Bxh5 gxh5 14. Rxh5
Qxd4 15. Rxd4 Nf6 16. Rh1 Rd8 17. e5 Ne8 18. Rdh4 Bf5 19. g4 Bg6 20. f4 f5 21.
Nf3 dxe5 22. Nxe5 Nf6 23. g5 Nh5 24. Rxh5 Bxh5 25. Rxh5 Rd4 26. Ne2 Re4 27. Kd2
Rd8+ 28. Ke1 Rd5 29. Nd3 Rc4 30. Kd2 Rd8 31. b3 Re4 32. Rh6 c5 33. Rf6 Rf8 34.
Rxf8 Kxf8 35. Ng3 c4 36. Nxe4 cxd3 37. Nf6 dxc2 38. Kxc2 Kg7 39. Kd3 h6 40. Ke3
hxg5 41. fxg5 Kg6 42. Kf4 b6 43. Nd5 1-0

[Event "25th Czech Rapid G1 2014"]
[Site "Pardubice CZE"]
[Date "2014.07.17"]
[Round "7.1"]
[White "Baryshpolets, Andrey"]
[Black "Bryzgalin, Kirill"]
[Result "1-0"]
[WhiteTitle "GM"]
[BlackTitle "GM"]
[WhiteElo "2546"]
[BlackElo "2460"]
[WhiteFideId "14117207"]
[BlackFideId "4133285"]
[EventDate "2014.07.16"]

1. d4 Nf6 2. c4 e5 3. dxe5 Ng4 4. Bf4 g5 5. Bg3 Bg7 6. Nf3 Nc6 7. h4 Ngxe5 8.
Nxe5 Nxe5 9. Nc3 h6 10. e3 d6 11. hxg5 hxg5 12. Rxh8+ Bxh8 13. Qh5 Bf6 14. Nd5
Be6 15. f4 Ng4 16. O-O-O Bg7 17. Qxg5 Qxg5 18. fxg5 O-O-O 19. Be2 c6 20. Nf4
Nxe3 21. Nxe6 fxe6 22. Rxd6 Rxd6 23. Bxd6 Nxg2 24. b3 Kd7 25. Bb8 a6 26. Kd2 Ke7
27. Bg3 Bd4 28. Kd3 Bg1 29. Ke4 Ne3 30. Be5 Nf5 31. Bg4 Nd6+ 32. Kf3 Nf7 33.
Bf6+ Kd6 34. g6 Nh6 35. g7 Bh2 36. Bh5 Be5 37. Bxe5+ Kxe5 38. Bf7 Kd4 39. Bxe6 1-0

[Event "25th Czech Rapid G1 2014"]
[Site "Pardubice CZE"]
[Date "2014.07.17"]
[Round "7.3"]
[White "Babula, Vlastimil"]
[Black "Mozharov, Mikhail"]
[Result "0-1"]
[WhiteTitle "GM"]
[BlackTitle "GM"]
[WhiteElo "2549"]
[BlackElo "2540"]
[WhiteFideId "301264"]
[BlackFideId "4189825"]
[EventDate "2014.07.16"]

1. d4 d5 2. c4 c6 3. Nf3 Nf6 4. Nc3 a6 5. c5 Nbd7 6. Bf4 Nh5 7. Bd2 Nhf6 8. Qc2
g6 9. Bg5 Bg7 10. e3 O-O 11. Be2 Re8 12. O-O e5 13. b4 Qc7 14. Rad1 h6 15. Bh4
exd4 16. Bg3 Qd8 17. Nxd4 Nf8 18. Bf3 Bg4 19. Bxg4 Nxg4 20. e4 dxe4 21. Ne6 Nxe6
22. Rxd8 Raxd8 23. Nxe4 Nd4 24. Qb1 Ne2+ 25. Kh1 Rd4 26. f3 Nxg3+ 27. hxg3 Re5
28. Re1 Rh5+ 29. Kg1 Nf6 30. Nd6 Nd5 31. g4 Re5 32. Rxe5 Bxe5 33. Qe1 f6 34. Ne4
Rxb4 35. f4 Bd4+ 36. Kh2 Kg7 37. g3 Be3 38. Nc3 Rb2+ 39. Kh3 Bd2 40. Qe6 Bxc3
41. Qd7+ Kf8 42. Qh7 Ne7 43. Qxh6+ Ke8 44. Qh8+ Kd7 45. Qb8 f5 46. g5 Bg7 47. a4
Ke6 48. Qd6+ Kf7 49. Qd7 Rb4 50. a5 Rb5 51. Kg2 Rxc5 52. Qxb7 Rxa5 53. Qb3+ Rd5
54. Qc4 a5 55. Kf3 Kf8 56. Ke2 Rd4 57. Qa6 a4 58. Ke3 Re4+ 59. Kd2 Bb2 60. Kc2
a3 61. Kb3 Re3+ 62. Ka2 Rxg3 63. Qc4 Re3 64. Qc5 Re4 65. Qd6 Kf7 66. Kb1 Rd4 67.
Qc7 Rd1+ 68. Ka2 Ra1+ 69. Kb3 Bg7 70. Qd6 a2 71. Qc7 Bd4 72. Qd6 c5 73. Qc7 Kf8
74. Qd8+ Kf7 75. Qc7 Bh8 76. Qxc5 Rc1 0-1